Моделирование и исследование процесса получения в воздушной плазме гомогенныхоксидных композиций урана и плутония для МОКС-топлива; VII Школа-конференция молодых атомщиков Сибири

Бібліографічні деталі
Parent link:VII Школа-конференция молодых атомщиков Сибири.— 2016.— [С. 117]
Автор: Зубов В. В.
Співавтор: Национальный исследовательский Томский политехнический университет
Інші автори: Тундешев Н. В. Николай Владиславович, Каренгин А. Г. Александр Григорьевич
Резюме:Заглавие с титульного экрана
Мова:Російська
Опубліковано: 2016
Серія:Перспективные направления развития ядерной энергетики. Ядерные технологии в инновационной экономике и ядерной медицине
Предмети:
Онлайн доступ:http://earchive.tpu.ru/handle/11683/35616
Формат: MixedMaterials Електронний ресурс Частина з книги
KOHA link:https://koha.lib.tpu.ru/cgi-bin/koha/opac-detail.pl?biblionumber=621335

MARC

LEADER 00000naa2a2200000 4500
001 621335
005 20250507134707.0
035 |a (RuTPU)RU\TPU\conf\19902 
035 |a RU\TPU\conf\19901 
090 |a 621335 
100 |a 20161215d2016 k y0rusy50 ca 
101 0 |a rus 
102 |a RU 
105 |a y z 101zy 
135 |a drcn ---uucaa 
181 0 |a i  
182 0 |a b 
200 1 |a Моделирование и исследование процесса получения в воздушной плазме гомогенныхоксидных композиций урана и плутония для МОКС-топлива  |f В. В. Зубов, Н. В. Тундешев, А. Г. Каренгин 
203 |a Текст  |c электронный 
225 1 |a Перспективные направления развития ядерной энергетики. Ядерные технологии в инновационной экономике и ядерной медицине 
300 |a Заглавие с титульного экрана 
320 |a [Библиогр.: с. 117 (2 назв.)] 
463 1 |0 (RuTPU)RU\TPU\conf\19839  |t VII Школа-конференция молодых атомщиков Сибири  |o сборник тезисов докладов, 19-21 октября 2016 г., г. Северск  |f Росатом [и др.]  |v [С. 117]  |d 2016 
610 1 |a труды учёных ТПУ 
610 1 |a электронные ресурсы 
610 1 |a PUREX-процесс 
610 1 |a оксиды урана 
610 1 |a плутоний 
610 1 |a оксидные композиции 
610 1 |a нитратные растворы 
700 1 |a Зубов  |b В. В. 
701 1 |a Тундешев  |b Н. В.  |c физик  |c техник-проектировщик Томского политехнического университета  |f 1993-  |g Николай Владиславович  |3 (RuTPU)RU\TPU\pers\33089 
701 1 |a Каренгин  |b А. Г.  |c физик  |c доцент Томского политехнического университета, кандидат физико-математических наук  |f 1950-  |g Александр Григорьевич  |3 (RuTPU)RU\TPU\pers\24286  |9 10751 
712 0 2 |a Национальный исследовательский Томский политехнический университет  |c (2009- )  |9 26305 
801 2 |a RU  |b 63413507  |c 20170110  |g RCR 
850 |a 63413507 
856 4 |u http://earchive.tpu.ru/handle/11683/35616 
942 |c BK